Glossario calcistico - Quiz n°15 - Statistics

Statistiche generali
  • Questo quiz è stato fatto 15 volte
  • Il punteggio medio è 6 su 15
Statistiche sulle risposte
Definizione Risposta % Corretto
Comportamento rispettoso attuato nei confronti degli avversari Fair play
83%
Tecnico incaricato di sovrintendere alla preparazione fisica e tattica della squadra; comunemente detto anche mister Allenatore
75%
Tiro fatto colpendo il pallone in modo da imprimergli un forte effetto a rientrare Tiro a giro
75%
Partita giocata senza alcuna posta in palio, in cui spesso è possibile non rispettare alcune regole delle gare ufficiali (come ad esempio il numero delle sostituzioni massime). Talvolta è usata per scopi benefici Amichevole
67%
Torneo calcistico per club europei riservato alle squadre classificate in buona posizione nei precedenti campionati nazionali Europa League
58%
Nome dato da Fabio Caressa all'esecuzione dei calci di punizione (in particolare da parte di Juninho Pernambucano e Andrea Pirlo) che all'improvviso cambiano traiettoria e sorprendono il portiere Maledetta
42%
Termine utilizzato per riferirsi al gesto di controllare il pallone con il piede, colpendolo ripetutamente per farlo alzare a mezz'aria. In senso lato indica abilità tecnica Palleggio
42%
Attaccante centrale, solitamente il più abile nel finalizzare le azioni Centravanti
33%
Allenatore preposto prevalentemente alla preparazione tecnica ed alla selezione dei giocatori; è lui a gestire le Nazionali di calcio, stilando la lista delle convocazioni per singoli incontri e manifestazioni internazionali Commissario tecnico
33%
Modalità di svolgimento dei tempi supplementari. Se una delle due squadre segna e l'altra non riesce a pareggiare prima della fine del primo tempo supplementare, la prima ha vinto Silver gol
33%
Azione di spettacolo eseguita da un giocatore per disorientare e oltrepassare un avversario Numero
8%
Giocatore che realizza un gol in due match consecutivi Back to back
0%
Altro termine per indicare uno spareggio Bella
0%
Dribbling reso celebre da Johan Cruijff. Per eseguirlo il giocatore finge di calciare la palla, mentre con la suola o l'interno del piede la fa passare dietro l'altro piede, fermo a terra; subito dopo, compie una giravolta di 180 gradi e accelera immediatamente per superare l'avversario Giravolta di Cruijff
0%
Calciatore che gioca su una fascia, la cui caratteristica è la partecipazione in egual misura sia alla fase difensiva che a quella offensiva Tornante
0%
Nessun quiz corrispondente trovato
Distribuzione punteggi
Percentuale di utenti per punteggio
Percentile per numero di risposta
I tuoi punteggi nel tempo
Non hai fatto questo quiz